000 00441nam a2200193Ia 4500
005 20240823043449.0
008 240823s9999||||xx |||||||||||||| ||und||
020 _a978-81-203-3939-2
041 _aENGLISH
082 _A530 P9
100 _aMarikani A
245 0 _aEngineering Physics
250 _a1st
260 _c2009
_b"Phi, New Delhi"
500 _aTRANSFERED
650 _aPhysics
_bPhysics
942 _cBK
999 _c210290
_d210290